[Event "Heusenstamm Schloss op 1st"]
[Site "Heusenstamm"]
[Date "2014.11.23"]
[Round "6"]
[White "Skembris, Spyridon"]
[Black "Zuyev, Igor"]
[Result "1/2-1/2"]
[WhiteElo "2420"]
[BlackElo "2379"]
[Annotator "Skembris,S"]
[PlyCount "71"]
[EventDate "2014.11.20"]
[EventType "swiss"]
[EventRounds "7"]
[EventCountry "GER"]
[SourceTitle "CBM 164"]
[Source "ChessBase"]
[SourceDate "2015.01.15"]
[SourceVersion "1"]
[SourceVersionDate "2015.01.15"]
[SourceQuality "1"]

1. c4 c5 2. Nf3 Nc6 3. d4 cxd4 4. Nxd4 g6 5. e4 {After some transpositions we
have got a Dragon with a classical Maroczy set-up, and that's what I was
prepared for.} Nf6 6. Nc3 Bg7 7. Be2 Nxd4 8. Qxd4 d6 9. O-O O-O 10. Bg5 Be6 11.
Qe3 Qb6 {I think that this is the most critical try, as in general it's good
for Black to take the queens off the board and to try to get his chances in
the endgame.} ({In a later game Black tried here} 11... a5 {but I think that
after} 12. Rad1 Nd7 13. f4 {White has a long lasting initiative.} f6 14. Bh4
Qb6 15. Qxb6 Nxb6 16. b3 Rfe8 (16... a4 $142 17. Bf2 axb3 $140 18. axb3 Nd7 19.
Nd5 $14) 17. f5 {1/2-1/2 Stefansson,H (2496)-Rindlisbacher,L (2366)/Budapest
2013/CBM 152 Extra (40)} (17. Nb5 $5 $16)) 12. Rac1 $5 $146 {This was my
preparation.The idea behind this move is to consolidate my queenside and to
trade the queens on b6 under good conditions. Here are some other White tries:}
(12. Rad1 Rfc8 13. b3 Qxe3 14. Bxe3 a6 15. Bd4 g5 16. e5 Ne8 17. exd6 Nxd6 18.
Bxg7 Kxg7 19. Nd5 Bxd5 20. Rxd5 h6 21. h4 gxh4 22. Bf3 Rc7 23. Rfd1 Rac8 24.
Bg4 Rb8 25. Bf3 Rbc8 26. Bg4 Rb8 27. Bf3 Rbc8 28. Bg4 {1/2-1/2 Tkachiev,V 
(2637)-Hamdouchi,H (2613)/ Nancy 2013/CBM 156}) (12. Qxb6 $6 axb6 $36 13. Rac1
(13. a4 Rfc8 14. b3 Nd7 15. Rac1 Nc5 $36 16. Nd5 $140 Bxd5 17. cxd5 Nxb3 18.
Rxc8+ Rxc8 19. Bxe7 Nd2 20. Re1 Nxe4 21. Bb5 Nc3 22. Bxd6 Nxd5 23. Kf1 Bf6)
13... Rfc8 (13... h6 $5 $15) 14. b3 Kf8 $6 (14... b5 $132) 15. Be3 (15. a4 $14)
15... Nd7 $132 {1/2-1/2 Popilsky,G (2389)-Brkic,A (2587)/Plovdiv 2012 (58)}) (
12. Qd2 $5 Rfc8 (12... Qa5 $142 13. Rac1 $140 Rfe8 (13... a6 14. Qe3 $5 $36)
14. b3 $36) 13. b3 a6 14. Bf3 Rab8 15. Rac1 Qd8 16. Nd5 $14 Bxd5 17. exd5 b5
18. cxb5 axb5 19. Rc6 Rxc6 $2 20. dxc6 $16 {1/2-1/2 Givon,A (2415) -Pettersson,
A (2279)/Golden Sands 2013 (52)}) 12... Qxe3 ({I think that the most critical
way to face White's novelty was the tactical} 12... h6 $5 13. Bxh6 $140 Bxh6
14. Qxh6 Qxb2 15. Qe3 Qb6 16. Qd3 Rac8 17. Nd5 $36 Bxd5 18. exd5 {after which
the position is unbalanced and both sides have their pluses. White has more
space and a safer king, but Black has the better endgame structure.}) (12...
Qxb2 $6 13. Rb1 Qa3 (13... Ng4 14. Bxg4 Qxc3 15. Qxc3 Bxc3 16. Bxe6 fxe6 17.
Bxe7 Rf7 18. Bxd6 $14 Bd4 $140 19. Rbc1 Rc8 (19... e5 $142 $44) 20. e5) 14.
Rxb7 h6 15. Bf4 g5 16. Bg3 Rfe8 (16... Ng4 17. Bxg4 Bxg4 18. Nd5 $16) 17. Rb3
$36) ({The point is that after} 12... Rfc8 13. b3 {White consolidates his
queenside and gets the better game while the rook on a8 is not playing.}) 13.
Bxe3 $14 Ng4 (13... Rfc8 $142 14. b3 Ng4 15. Bxg4 Bxg4 16. Nd5 Kf8 17. c5 $14)
14. Bxg4 Bxg4 {A difficult choice I think that this move offers the best
practical defence.} 15. Nd5 $1 {Xc7 X e7. White can be happy with the result
of the opening.} Rae8 (15... e6 16. Nc3 $16 {X d6 XBg4}) (15... Bxb2 16. Nxe7+
Kg7 17. Rb1 Bf6 18. Rxb7 Be2 19. Rc1 Rfe8 20. Nd5 Rxe4 21. f3 $1 $14 Rxc4 $140
22. Re1 Bd3 23. Nxf6 Kxf6 24. Rd1 Bf5 25. Rxd6+ Kg7 26. a3 a5 27. Bd4+ Kf8 28.
h3 Rc2 29. Kh2 Ra2 30. Kg3 h5 31. Bb2 $14) 16. b4 $5 {This creates more
problems for Black.} ({After} 16. Bxa7 Ra8 17. Nxe7+ Kh8 18. Be3 Rxa2 19. f3
Be6 20. b3 Ra3 21. Bf4 (21. Rb1 Bxc4) 21... Rxb3 22. Bxd6 Ra8 23. Nd5 Rb2 $44 {
the bishop pair and the active black rook on b2 offer good compensation.})
16... Be6 (16... a6 17. c5 $14 dxc5 $140 18. Bxc5 $18) (16... Be2 $5 17. Rfe1
Bd3 18. Bg5 $14 (18. f3 f5 $132) 18... e6 (18... f6 19. Bf4 g5 20. Re3 $14 Bxc4
$140 21. Rxc4 gxf4 22. Nxf4 f5 23. g3 fxe4 (23... Bh6 24. e5 $14) 24. Rexe4 $36
) 19. Nf6+ Bxf6 20. Bxf6 Rc8 21. c5 dxc5 22. bxc5 Rfe8 23. f3 $36) 17. Bxa7
Bxd5 (17... Ra8 18. Nxe7+ Kh8 19. Be3 Rxa2 20. Rfd1 $16 Rb2 $140 (20... Be5
$142 $16) 21. b5 $18) 18. cxd5 {In the long run this should win a pawn.} ({
I was not sure if White gets an advantage after} 18. exd5 Ra8 19. Be3 Rxa2 20.
c5 $140 Ra4 $132) 18... Ra8 19. Be3 Rxa2 20. Rc7 b5 $1 {Black finds the best
practical defence.} ({After} 20... f5 21. Rxe7 $16 {White is a lot better.}
fxe4 $140 22. b5 {X b7 X e4} Rf7 23. Rxe4) 21. Rb7 $1 (21. Rxe7 Rb2 22. Bc1 Rb3
$44) 21... Bc3 22. Rxb5 Rb2 23. Rb7 $16 Rxb4 24. Rxe7 Bf6 25. Rd7 Be5 26. f3 {
This slightly weakens the white king position and the bishop on e3, but I did
not see another promising way to keep the extra pawn.} ({After} 26. f4 Rxe4 27.
fxe5 Rxe3 28. exd6 Rd3 29. Re7 Rxd5 30. d7 Kg7 31. h4 h5 32. g3 Rd3 33. Kg2
Rd2+ 34. Kh3 {I did not see a way how I could profit from my pawn on d7.})
26... Ra8 27. g3 $5 Kf8 $5 {Black continues with good defensive moves taking
his king out of the danger zone.} (27... Ra2 28. Rf2 Rb1+ 29. Kg2 Rxf2+ 30.
Kxf2 Rb2+ 31. Kf1 $1 $16 Rxh2 $140 (31... Kf8 $142 $16) 32. f4 Bc3 33. Rxd6 $18
) 28. f4 $5 $138 (28. Bf4 Ke8 29. Rc7 Bxf4 30. gxf4 Ra2 31. Rf2 Rbb2 32. Rxb2
Rxb2 33. Rc6 Kd7 34. e5 dxe5 35. fxe5 Rd2 36. Rc5 $16) 28... Ke8 $8 (28... Rxe4
29. fxe5 $18) 29. Ra7 {Finally I am close to consolidating my position and to
keeping my extra pawn.} Rxa7 30. Bxa7 Bc3 31. Rf3 $6 $138 {With short time I
chose the wrong way and now I have no way to keep the extra pawn.} ({After} 31.
Rc1 $1 Bd4+ (31... Bg7 32. Re1 $16) (31... Bd2 32. Rc2 $16) (31... Bb2 32. Rc2
$16) 32. Bxd4 Rxd4 33. Re1 Rd2 34. h3 h5 35. Kf1 Kd7 36. Re2 {Black has to
fight hard to hold the rook endgame.}) 31... Bg7 $1 {X e4} 32. Ra3 ({Luckily I
saw in time trouble that after} 32. Re3 $4 Rb7 {X Ba7. Black could even could
win and remain a piece up after} 33. Ra3 Rxa7 34. Rxa7 Bd4+) 32... Kd7 (32...
Rxe4 33. Re3 Rxe3 34. Bxe3 Bc3 $11) 33. Bf2 Rxe4 34. Ra7+ Ke8 35. Ra8+ Kd7 36.
Ra7+ {Here It was clear to me that the bird had flown the coop and I offered a
draw.} 1/2-1/2

[Event "Brno"]
[Site "Brno"]
[Date "1993.??.??"]
[Round "1"]
[White "Stohl, Igor"]
[Black "Leko, Peter"]
[Result "1-0"]
[WhiteElo "2545"]
[BlackElo "2555"]
[Annotator "Stohl,I"]
[PlyCount "81"]
[EventDate "1993.08.??"]
[EventType "tourn"]
[EventRounds "9"]
[EventCountry "CZE"]
[EventCategory "13"]
[SourceTitle "CBM 037"]
[Source "ChessBase"]
[SourceDate "1993.12.01"]
[SourceVersion "1"]
[SourceVersionDate "1993.12.01"]
[SourceQuality "1"]

1. c4 {Blatny,P} c5 2. Nf3 Nf6 3. Nc3 g6 4. e4 d6 5. d4 cxd4 6. Nxd4 Nc6 7. Be2
Nxd4 8. Qxd4 Bg7 9. O-O (9. Bg5 {Blatny,P} Qa5 10. Qd2 O-O 11. f3 Be6 12. Rc1
Rfc8 13. b3 a6 14. Na4 Qxd2+ 15. Kxd2 Nd7 $1 16. g4 Kf8 17. Be3 Rab8 18. g5 f5
19. exf5 Bxf5 20. f4 b5 $1 $36 {Polgar,Zso-Leko/Budapest Exp/1993/}) (9. Be3 {
Blatny,P} O-O 10. Qd2 Be6 11. Rc1 Qa5 12. f3 Rfc8 13. b3 a6 14. Nd5 Qxd2+ 15.
Kxd2 Nxd5 16. cxd5 Bd7 17. Rxc8+ Rxc8 18. Rc1 Rxc1 19. Kxc1 Kf8 20. Bb6 e6 $10
{Dorfman-Gdanski/Polanica Zdroj/1993/}) 9... O-O 10. Qe3 (10. Qd3 Bd7 11. Be3
a6 12. Rfd1 Bc6 13. Qc2 (13. Rac1 $142 $5) 13... Qa5 14. Rac1 Rfc8 15. Qb1 h5
16. b4 Qe5 17. Bd4 Qg5 18. Bf3 b5 $132 {Schlosser,M-Leko,P/Brno/1993} (18... b5
{Blatny,P} 19. Nd5 Bxd5 20. Be3 Qh4 21. cxd5 Ng4 $10 {Schlosser,P-Leko/Brno/
1993/})) 10... Bd7 (10... Be6 $5) 11. Rb1 $5 {N} (11. Rd1 Qb6 12. Qxb6 axb6 13.
Be3 Bc6 14. f3 Nd7 $132 {Illescas,M-Leko,P/Leon/1993/}) (11. Bd2 Qb6 $5 $10)
11... Qb6 12. b3 (12. Qd3 $142 $14 {/\Be3()}) 12... Bc6 (12... Qxe3 $1 13. Bxe3
Bc6 14. Nd5 $8 (14. f3 Ng4 $1 $15) 14... Bxd5 (14... Nxd5 15. exd5 Bd7 16. Bd3
a6 17. a4 $14) 15. exd5 Ne4 16. Rbc1 (16. Bd3 Nc3 17. Ra1 b5 $36) 16... Nc3 17.
Rc2 Nxe2+ 18. Rxe2 Bf6 $10) 13. Qd3 $1 $14 Rfc8 14. Be3 Qd8 (14... Qb4 15. Bd2
$1 Qb6 16. Kh1 {/\f4|^}) 15. f3 a6 16. Rfc1 $6 (16. a4 $142 a5 17. Nd5 {()})
16... Rab8 $1 (16... b5 $6 17. cxb5 axb5 18. Nxb5 Bxb5 $8 (18... Rxa2 $2 19.
Na7) 19. Rxc8 Qxc8 20. Qxb5 Rxa2 21. Rc1 Qa8 22. b4 $16 {^^,o^b}) 17. Ba7 Ra8
18. Be3 (18. Bd4 {Blatny,P} Nd7 19. Bxg7 Kxg7 $10 {Nd7>Be2}) 18... Rab8 19. a4
(19. b4 b5 $132) 19... a5 20. Nd5 Nd7 (20... Nxd5 21. exd5 Bd7 22. Qd2 Bf5 23.
Bd3 $16) (20... e6 21. Nc3 {><d6,b5}) 21. Bg5 Bxd5 (21... Bf8 22. Qd2 $36) 22.
exd5 Bf6 23. Be3 Nc5 24. Qd2 Ra8 $6 (24... b6 $142 {/\Qf8,Re8,Rbd8,e6<=>[+]})
25. Bd1 $1 Qf8 (25... e6 26. dxe6 fxe6 27. Bc2 $16 {ה}) 26. Bc2 Qg7 27. Rf1
Ra6 (27... b6 $142 {Blatny,P /\Rc7,Re8}) (27... Bc3 $5 {Blatny,P} 28. Qf2 (28.
Qe2 $6 Bd4 $1 {N:B}) 28... Rc7 {/\Re8(f8)}) 28. Kh1 Bc3 29. Qf2 Rb6 $6 30. f4
Ra6 31. g4 $1 $40 Nd7 (31... h6 32. h4 {/\h5,g5->}) (31... Kf8 $5 {
/\Ke8-d7-c7-b8}) 32. g5 f5 (32... Kf8 33. f5 $16) (32... Kh8 33. Rg1 $1 $40 {
/\Rbf1,h4-h5}) (32... Re8 $142 {Blatny,P}) 33. gxf6 exf6 (33... Nxf6 34. Rg1 {
/\f5+-}) 34. Bf5 $1 Kh8 (34... Re8 35. Be6+ Kh8 36. Rbc1 Bb4 37. f5 $16 {->>>})
(34... Re8 $5 {Blatny,P}) 35. Bxd7 Qxd7 36. Rbc1 (36. Bd4 Bxd4 37. Qxd4 Kg7 38.
Rbe1 Re8 39. Re3 $16) 36... Bb4 37. f5 $1 $18 (37. Bd4 Qf5 $16) 37... gxf5 $2 (
37... Qxf5 38. Qh4 $18 {->} (38. Qxf5 {Blatny,P} gxf5 39. Bd4 Rf8 40. Rxf5 $18
{_|_})) (37... g5 $8 38. Bd4 (38. h4 $5) 38... Qf7 (38... Qe7 {Blatny,P} 39.
Rce1 $1 Bxe1 40. Rxe1 Qg7 41. Re6 $40) 39. Rc2 $1 (39. Qe3 Kg8 40. Qe6 Re8 41.
Qxf6 Qxf6 42. Bxf6 h6 $132) (39. Rg1 h6 40. Rc2 $1 Re8 41. Re2 Rxe2 42. Qxe2
Ra8 43. Rg3 Re8 44. Re3 $1 $16 {_|_}) 39... Re8 40. Re2 Rxe2 41. Qxe2 Ra8 42.
Qe6 Kg7 43. Rf2 {/\Re2,Qf7,Re6+-} Re8 $2 44. Bxf6+ $18) 38. Bd4 Rf8 39. Qh4 $1
Qg7 $8 40. Rxf5 Bc5 41. Rg1 (41. Rg1 Qe7 42. Rxf6 Bxd4 43. Rxf8+ Qxf8 44. Qxd4+
$18) 1-0

[Event "Qatar Masters op"]
[Site "Doha"]
[Date "2014.12.02"]
[Round "7"]
[White "Bu, Xiangzhi"]
[Black "Guseinov, Gadir"]
[Result "1-0"]
[WhiteElo "2707"]
[BlackElo "2592"]
[Annotator "Szabo,Kr"]
[PlyCount "91"]
[EventDate "2014.11.26"]
[EventType "swiss"]
[EventRounds "9"]
[EventCountry "QAT"]
[SourceTitle "EXT 2016"]
[Source "ChessBase"]
[SourceDate "2015.10.08"]
[SourceVersion "1"]
[SourceVersionDate "2015.10.08"]
[SourceQuality "1"]
[WhiteClock "1:30:30"]
[BlackClock "1:30:30"]

1. Nf3 c5 2. c4 Nc6 3. d4 cxd4 4. Nxd4 g6 5. e4 Nf6 6. Nc3 Nxd4 7. Qxd4 d6 8.
Be3 Bg7 9. f3 O-O 10. Qd2 Qa5 11. Rc1 Be6 12. Be2 Rfc8 13. b3 a6 14. Na4 $1 {
This is the point of this system! Black prepares for ...b5, but he weakened
the b6 square.} Qxd2+ 15. Kxd2 Nd7 16. g4 f5 17. exf5 gxf5 18. h3 Rf8 19. f4
Rad8 20. g5 Bf7 $146 {The new move in the game.} (20... Nc5) ({and} 20... d5 {
are the main moves.}) 21. Rhd1 (21. Bf3 $5 {was also an interesting
alternative,} Nc5 (21... b5 22. cxb5 axb5 23. Nc3 $14) 22. Nxc5 dxc5+ 23. Kc2
b6 24. Rhe1 {and White has a little bit more comfortable endgame.}) 21... e5
22. Ke1 {The king opens the d-file for the R.} exf4 ({Probably} 22... Rfe8 $142
{was more accurate} 23. Kf1 exf4 24. Bxf4 b5 25. cxb5 Rxe2 $1 26. Kxe2 axb5 27.
Nc3 Bxc3 28. Rxc3 Bh5+ 29. Kd2 Bxd1 30. Kxd1 Nc5 {should be an equal endgame.})
23. Bxf4 Be5 24. Bxe5 Nxe5 25. Nc3 (25. Kf2 $5 {was an interesting option,} f4
(25... Be6 26. c5 dxc5 27. Nxc5 $14) 26. Rd4 Be6 27. Bf1 $14 {and White is
slightly better.}) 25... Be6 26. Kf2 Kg7 27. Rd4 f4 28. Bf1 Nf7 $6 {Too
passive.} ({In the event of} 28... Nc6 29. Rd2 Kg6 30. Rcd1 $14 {and White has
a comfortable endgame.}) 29. Re1 $1 {A very nice move. White doesn't protect
the g5 P, he tries to activate his pieces.} (29. h4 Ne5 {followed by ...Ng4.})
29... Nxg5 (29... Ne5 {could have been met by} 30. Ne4 $16) 30. h4 Nh3+ 31.
Bxh3 Bxh3 32. Ne4 {White gains back the P and he is very active, Black faces
with some difficulties.} h5 $6 {Black prepares for Bg4, but he weakened the g5
square.} (32... d5 33. Rg1+ Kh6 34. cxd5 f3 35. Ng5 $16 {and White is also
better here.}) 33. Ng5 $6 {An inaccuracy by White.} ({The natural} 33. Nxd6 $1
{was more stronger} Rd7 34. c5 Kg6 35. Re5 $16 {and Black is in trouble.})
33... Bg4 (33... Bc8 $142 {was more precise to protect the b7 P.} 34. Re7+ Kg6)
34. Re7+ Kg6 35. Rxb7 Rde8 36. Ne4 $6 ({The cheeky} 36. Nh7 {was better} Re2+
37. Kf1 Rfe8 38. Rxd6+ R2e6 39. Rxe6+ Bxe6 40. Ng5 $14 {and White has a P up.})
36... Re6 37. Rb6 Rfe8 {Suddenly Black is very active, he has a nice
counterplay on the e-file.} 38. Nc3 Kf5 $2 {A big mistake, which allows White
strong reply.} (38... Re3 $1 {was correct} 39. Rbxd6+ Kg7 40. Rd3 Re2+ $1 41.
Nxe2 Rxe2+ 42. Kf1 (42. Kg1 Re1+ 43. Kf2 Re2+ $11) 42... f3 $44 {and Black has
very unpleasant counterplay.}) 39. Rd5+ $1 {Probably Black missed this
unpleasant check.} Re5 40. Rbxd6 Rxd5 41. Rxd5+ Kf6 42. Rd4 {Now White pieces
are well placed, the N protects the important light squares.} Kf5 43. b4 (43.
c5 $1 {was more precise, because} Bf3 $2 {is not working, as} 44. Kxf3 Re3+ 45.
Kf2 Rxc3 46. Rc4 $1 $18 {and White wins.}) 43... Bf3 $1 44. a4 (44. Kxf3 $2
Re3+ 45. Kf2 Rxc3 $11) 44... Re3 $2 {Loses immediately, but Black's position
was already difficult.} (44... Bb7 $1 {was tougher, for example:} 45. c5 Rg8 {
and Black can try to create some counterplay.}) 45. Nd5 $1 $18 Bxd5 46. cxd5
1-0

[Event "EU-Cup 18th"]
[Site "Kallithea"]
[Date "2002.09.26"]
[Round "5.2"]
[White "Polgar, Judit"]
[Black "Tiviakov, Sergei"]
[Result "1/2-1/2"]
[WhiteElo "2681"]
[BlackElo "2628"]
[Annotator "Tiviakov,S"]
[PlyCount "98"]
[EventDate "2002.09.22"]
[EventType "team-swiss"]
[EventRounds "7"]
[EventCountry "GRE"]
[SourceTitle "CBM 092"]
[Source "ChessBase"]
[SourceDate "2003.02.06"]
[SourceVersion "1"]
[SourceVersionDate "2003.02.06"]
[SourceQuality "1"]
[WhiteTeam "Warsaw Polonia"]
[BlackTeam "Skopje Alkaloid"]
[WhiteTeamCountry "POL"]
[BlackTeamCountry "MKD"]

1. e4 c5 2. Nf3 Nc6 3. d4 cxd4 4. Nxd4 g6 5. c4 Nf6 6. Nc3 d6 7. f3 Nxd4 8.
Qxd4 Bg7 9. Be3 O-O 10. Qd2 a5 $5 11. Be2 a4 12. Rc1 (12. O-O Qa5 13. Rac1 {
- 12.Rac1 Qa5 13.0-0}) 12... Be6 $146 13. Nd5 (13. O-O) 13... Nd7 (13... Nxd5
$6 14. cxd5 Bd7 15. O-O $14 (15. Qb4 $14)) 14. O-O (14. Qb4 Nc5 $13) 14... Nc5
15. Rfd1 (15. Qb4 Bxd5 (15... Re8 $5 {/\Qa5}) 16. cxd5 Qa5 $11) 15... Re8 (
15... Bxd5 $142 16. cxd5 Qa5 $11) 16. Bd4 (16. Qb4 Qa5 $11) 16... Bxd5 (16...
Bxd4+ 17. Qxd4 $14) (16... Qa5 17. Bxg7 Kxg7 18. Qd4+ $14) 17. cxd5 (17. Bxg7
$5 Bxe4 (17... Kxg7 18. cxd5 Qa5 19. Qd4+ $14) 18. Bc3 $44 (18. Bd4 Bc6 19. Qh6
$140 Ne6)) 17... Qa5 18. Rc3 (18. Bxg7 Qxd2 19. Rxd2 Kxg7 $11) (18. Qe3 $142 $5
$11) 18... Qb4 $1 19. Bxg7 Kxg7 20. Qc2 (20. a3 Qa5 {(><b3)}) 20... Rec8 $1 {
(<->c)} 21. Rc4 (21. Kh1 a3 $1 22. bxa3 (22. b3 Nxe4 23. Rxc8 Nf2+ 24. Kg1 Nxd1
$18) 22... Rxa3 23. Rxa3 Qxa3 $15) (21. a3 {(><b3)} Qa5 {/\b5-b4}) (21. Rc1 $5
b5 $5 {/\Qa5, b4-b3}) 21... Qa5 {(/\b5-b4-b3)} 22. Qc3+ Qxc3 23. Rxc3 a3 $1 24.
b3 $8 (24. bxa3 Ra5 $15 {/\Rca8, ><a3, a2}) (24. b4 Na4 (24... Na6 25. Rxa3
Nxb4 26. Rxa8 Rxa8 27. Rb1 $11) 25. Rxa3 Nc3 26. Rxa8 Rxa8 27. Rd2 Nxa2 $15 (
27... Rxa2 28. Rxa2 Nxa2 29. b5 Nc3 $15)) 24... Na6 {(/\Nb4)} 25. Rxc8 $8 Rxc8
26. Bxa6 $8 bxa6 27. Rd2 $2 (27. Rd4 Rc1+ (27... Rc2 28. Ra4 Rxa2 29. Rxa6 $11)
28. Kf2 Rc2+ 29. Kg3 Rxa2 30. Ra4 $11) 27... Kf6 28. f4 (28. Kf2 Rc3 {/\Ke5, f5
}) 28... g5 29. g3 gxf4 $6 {(><g3)} (29... Rc3 30. Kf2 h5 $17) (29... h5) 30.
gxf4 Rc3 31. Kf2 h5 32. Rd4 $1 (32. Ke2 Rh3 33. Ke1 h4 $17) 32... Rc2+ 33. Kg3
Rxa2 34. Ra4 Re2 (34... h4+ $5 35. Kxh4 Re2 36. Rxa3 (36. e5+ dxe5 37. Rxa6+
Kf5 $17) 36... Rxe4 37. Kg4 Rd4 38. Rxa6 (38. Ra5 Rb4) 38... Rxd5 $15) 35. Kf3
Rxh2 36. Rxa3 Rh3+ 37. Kf2 a5 38. Rxa5 Rxb3 39. Ra6 Rb7 (39... h4 40. e5+ Kf5
41. exd6 exd6 42. Rxd6 h3 43. Rd7 $5 (43. Rh6 Kg4) 43... f6 44. Rd6 $15) (39...
Kg7 40. Ra7 Kf8 41. Ra8+ Kg7 42. Ra7 Kf6 43. Ra6) 40. e5+ Kf5 41. exd6 exd6 42.
Rxd6 Kxf4 43. Rd8 Rb2+ (43... h4 44. d6) 44. Ke1 Kf3 (44... h4 45. d6 h3 $140
46. Rh8) 45. d6 Re2+ $5 (45... h4 46. Re8 $1 Rb1+ 47. Kd2 Rb6 $140 $6 48. Re3+
$1 Kg2 $8 49. d7 Rd6+ 50. Rd3 Rxd7 51. Rxd7 h3 $11) (45... f5 46. Rf8 $11) 46.
Kf1 Ra2 47. Kg1 $6 (47. Ke1 $11) 47... h4 48. Rb8 (48. Rf8 Ra7 49. Rd8 $15)
48... Rd2 $2 (48... Rg2+ $1 49. Kh1 (49. Kf1 Rd2 50. Rb3+ Kg4 51. Rb4+ Kg5 52.
Rb6 f5 $17 (52... h3 53. Kg1 f5 $17)) 49... Rd2 $17 50. Rf8 $140 Kg3 51. Rg8+
Kh3 52. Kg1 Rxd6) 49. Rf8 Rxd6 1/2-1/2